Nociones prácticas de geometría : (Record no. 41576)

MARC details
000 -CABECERA
campo de control de longitud fija 00687nam a2200193 a 4500
005 - FECHA Y HORA DE LA ÚLTIMA TRANSACCIÓN
campo de control 20231024063643.0
008 - ELEMENTOS DE LONGITUD FIJA--INFORMACIÓN GENERAL
campo de control de longitud fija 991125s1907 mx 000 0 spa u
035 ## - NÚMERO DE CONTROL DEL SISTEMA
Número de control de sistema UPN01000041576
049 ## - COLECCIÓN
Colección LT
050 #4 - SIGNATURA TOPOGRÁFICA DE LA BIBLIOTECA DEL CONGRESO
Número de clasificación LB1589 M6.2
Número de documento/Ítem L3.5 1907
100 1# - ASIENTO PRINCIPAL--NOMBRE PERSONAL
Nombre de persona León, Luis G.,
Fechas asociadas al nombre 1866-1913
245 10 - MENCIÓN DE TÍTULO
Título Nociones prácticas de geometría :
Resto del título escritas conforme al programa marcado por la ley para los alumnos de 1o. y 2o. años de instrucción primaria elemental /
Mención de responsabilidad, etc. por Luis G. León
260 ## - PUBLICACIÓN, DISTRIBUCIÓN, ETC.
Lugar de publicación, distribución, etc. México :
Nombre del editor, distribuidor, etc. Vda. de Ch. Bouret,
Fecha de publicación, distribución, etc. 1907
300 ## - DESCRIPCIÓN FÍSICA
Extensión 50 p. :
Otras características físicas il.
650 #4 - ASIENTO SECUNDARIO DE MATERIA - TERMINO TEMATICO
Término de materia o nombre geográfico como elemento de entrada Geometría
Subdivisión general Estudio y enseñanza (Elemental)
9 (RLIN) 4869
904 ## - ELEMENTOS DE DATOS D LOCAL, LDD (RLIN)
a AC
b 041578
905 ## - TIPO DE MATERIAL
Tipo de material Libro
Holdings
Estado de retiro Estado de pérdida Fuente del sistema de clasificación o colocación Estado dañado No para préstamo Código de colección Localización permanente Ubicación/localización actual Ubicación en estantería Fecha de adquisición Enumeración/cronología de publicación seriada Clasificación Código de barras Fecha visto por última vez Número de copia Tipo de ítem Koha
    Library of Congress Classification   Disponible (Préstamo en sala) Libros de texto Bib. Gregorio Torres Quintero Bib. Gregorio Torres Quintero Colecciones especiales Planta alta 25/05/2023 - LB1589 M6.2 L3.5 1907 125779 31/12/2020 1 Libro